Catálogo

Obras esenciales / (Registro nro. 61485)

Detalles MARC
000 -LEADER
fixed length control field 01127nam a2200265 u 4500
001 - CONTROL NUMBER
control field 61485
005 - DATE AND TIME OF LATEST TRANSACTION
control field 20180714063132.0
008 - FIXED-LENGTH DATA ELEMENTS--GENERAL INFORMATION
fixed length control field 141002s2013 sp r 000 0 spa d
020 ## - INTERNATIONAL STANDARD BOOK NUMBER
International Standard Book Number 978-84-493-2860-2
082 0# - DEWEY DECIMAL CLASSIFICATION NUMBER
Classification number 149.96
Item number FOU
100 1# - MAIN ENTRY--PERSONAL NAME
Personal name Foucalt , Michel,
Dates associated with a name 1926-1984
Relator term autor
245 10 - TITLE STATEMENT
Title Obras esenciales /
Statement of responsibility, etc. Michel Foucault.
264 #1 - PRODUCTION, PUBLICATION, DISTRIBUTION, MANUFACTURE, AND COPYRIGHT NOTICE
Place of production, publication, distribution, manufacture España :
Name of producer, publisher, distributor, manufacturer Paidós,
Date of production, publication, distribution, manufacture, or copyright notice 2013
300 ## - PHYSICAL DESCRIPTION
Extent 1095 páginas ;
Dimensions 23 cm.
336 ## - CONTENT TYPE
Content type term texto
Source rdacontent
337 ## - MEDIA TYPE
Media type term sin mediación
Source rdamedia
338 ## - CARRIER TYPE
Carrier type term volume
Source rdacarrier
500 ## - GENERAL NOTE
General note I. Entre filosofía y literatura / introducción, traducción y edición a cargo de Miguel Morey -- II. Estrategias de poder / introducción, traducción y edición a cargo de Julia Varela y Fernando Álvarez Uría --- III. Estética, ética y hermenéutica / introducción, traducción y edición a cargo de Ángel Gabilondo
650 #0 - SUBJECT ADDED ENTRY--TOPICAL TERM
Topical term or geographic name entry element Filosofía francesa
Chronological subdivision siglo XX
650 04 - SUBJECT ADDED ENTRY--TOPICAL TERM
Topical term or geographic name entry element Intelectuales franceses
700 1# - ADDED ENTRY--PERSONAL NAME
Personal name Morey, Miguel
Relator term autor
700 1# - ADDED ENTRY--PERSONAL NAME
Personal name Varela, Julia,
Relator term autor
700 1# - ADDED ENTRY--PERSONAL NAME
Personal name Álvarez Uría, Fernando
Relator term autor
700 1# - ADDED ENTRY--PERSONAL NAME
Personal name Gabilondo, Ángel
Relator term autor
Existencias
Withdrawn status Lost status Source of classification or shelving scheme Damaged status Not for loan Collection code Home library Current library Shelving location Date acquired Source of acquisition Inventory number Total Checkouts Full call number Barcode Date last seen Date last checked out Price effective from Koha item type
    Dewey Decimal Classification     General Biblioteca Karol Wojtyla Biblioteca Karol Wojtyla Sala general 02/10/2014 Compra 151000000000000000061115 5 149.96 FOU 2013 92536 05/01/2026 04/09/2025 02/10/2014 Libro